| 000 | 00751cam a2200217 4500 | ||
|---|---|---|---|
| 001 | ABS61784 | ||
| 008 | 000000n2000 000 0 eng u | ||
| 035 | _a(Sirsi) u103733 | ||
| 100 | _aBlackler, T. | ||
| 245 | _aBe reasonable - or else | ||
| 260 | _c2000 | ||
| 490 |
_aBuilding _v265(8118) 7 January 2000, 50(1) |
||
| 520 | _aConsiders which types of cases judges consider appropriate for ADR and which are not. Argues that mediation is successful in about 85% of cases and would therefore be a much better route for many cases. | ||
| 590 | _aABS | ||
| 650 | _aWOOLF REPORT | ||
| 650 | _aALTERNATIVE DISPUTE RESOLUTION | ||
| 650 |
_aDISPUTE RESOLUTION _96236 |
||
| 650 | _aMEDIATION | ||
| 690 |
_aDispute resolution _96236 |
||
| 942 | _n0 | ||
| 999 |
_c62301 _d62301 |
||